000
00278nam a22001337a 4500
008
181023b xxu||||| |||| 00| 0 eng d
020
_a
9780679753810
041
_a
eng
080
_a
316
100
_a
50
101
_a
SOC
245
_a
Feminism
_c
Schneir,M
942
_2
udc
_c
BK
999
_c
50728
_d
50728